<?xml version="1.0" encoding="UTF-8"?>
<record
    xmlns:xsi="http://www.w3.org/2001/XMLSchema-instance"
    xsi:schemaLocation="http://www.loc.gov/MARC21/slim http://www.loc.gov/standards/marcxml/schema/MARC21slim.xsd"
    xmlns="http://www.loc.gov/MARC21/slim">

  <leader>00503    a2200169   4500</leader>
  <datafield tag="952" ind1=" " ind2=" ">
    <subfield code="0">0</subfield>
    <subfield code="1">0</subfield>
    <subfield code="2">ddc</subfield>
    <subfield code="4">0</subfield>
    <subfield code="7">0</subfield>
    <subfield code="8">MALABAR</subfield>
    <subfield code="a">MES</subfield>
    <subfield code="b">MES</subfield>
    <subfield code="c">MALABAR</subfield>
    <subfield code="d">2021-10-21</subfield>
    <subfield code="e">39</subfield>
    <subfield code="g">450.00</subfield>
    <subfield code="l">2</subfield>
    <subfield code="o">954.0357 KOD/A</subfield>
    <subfield code="p">41266</subfield>
    <subfield code="r">2024-02-20 11:43:57</subfield>
    <subfield code="s">2024-02-07</subfield>
    <subfield code="t">3</subfield>
    <subfield code="v">450.00</subfield>
    <subfield code="w">2021-10-21</subfield>
    <subfield code="y">BK</subfield>
    <subfield code="z">GL35R2</subfield>
  </datafield>
  <datafield tag="952" ind1=" " ind2=" ">
    <subfield code="0">0</subfield>
    <subfield code="1">0</subfield>
    <subfield code="2">ddc</subfield>
    <subfield code="4">0</subfield>
    <subfield code="7">0</subfield>
    <subfield code="8">MALABAR</subfield>
    <subfield code="a">MES</subfield>
    <subfield code="b">MES</subfield>
    <subfield code="c">MALABAR</subfield>
    <subfield code="d">2021-10-21</subfield>
    <subfield code="e">39</subfield>
    <subfield code="g">450.00</subfield>
    <subfield code="l">9</subfield>
    <subfield code="m">13</subfield>
    <subfield code="o">954.0357 KOD/A</subfield>
    <subfield code="p">41264</subfield>
    <subfield code="r">2024-06-12 10:14:40</subfield>
    <subfield code="s">2024-06-05</subfield>
    <subfield code="t">1</subfield>
    <subfield code="v">450.00</subfield>
    <subfield code="w">2021-10-21</subfield>
    <subfield code="y">BK</subfield>
    <subfield code="z">GL35R2</subfield>
  </datafield>
  <datafield tag="952" ind1=" " ind2=" ">
    <subfield code="0">0</subfield>
    <subfield code="1">0</subfield>
    <subfield code="2">ddc</subfield>
    <subfield code="4">0</subfield>
    <subfield code="7">0</subfield>
    <subfield code="8">MALABAR</subfield>
    <subfield code="a">MES</subfield>
    <subfield code="b">MES</subfield>
    <subfield code="c">MALABAR</subfield>
    <subfield code="d">2021-10-21</subfield>
    <subfield code="e">39</subfield>
    <subfield code="g">450.00</subfield>
    <subfield code="l">6</subfield>
    <subfield code="m">5</subfield>
    <subfield code="o">954.0357 KOD/A</subfield>
    <subfield code="p">41265</subfield>
    <subfield code="r">2026-02-10 13:08:55</subfield>
    <subfield code="s">2026-02-04</subfield>
    <subfield code="t">2</subfield>
    <subfield code="v">450.00</subfield>
    <subfield code="w">2021-10-21</subfield>
    <subfield code="y">BK</subfield>
    <subfield code="z">GL35R2</subfield>
  </datafield>
  <datafield tag="999" ind1=" " ind2=" ">
    <subfield code="c">41358</subfield>
    <subfield code="d">41358</subfield>
  </datafield>
  <controlfield tag="003">OSt</controlfield>
  <controlfield tag="005">20211021133713.0</controlfield>
  <controlfield tag="008">211021b           ||||| |||| 00| 0 eng d</controlfield>
  <datafield tag="020" ind1=" " ind2=" ">
    <subfield code="a">9788194163756</subfield>
  </datafield>
  <datafield tag="040" ind1=" " ind2=" ">
    <subfield code="c">oclc</subfield>
  </datafield>
  <datafield tag="082" ind1=" " ind2=" ">
    <subfield code="a">954.0357</subfield>
    <subfield code="b">KOD/A</subfield>
  </datafield>
  <datafield tag="100" ind1=" " ind2=" ">
    <subfield code="9">8865</subfield>
    <subfield code="a">Kodoor, A K</subfield>
  </datafield>
  <datafield tag="245" ind1=" " ind2=" ">
    <subfield code="a">Anglo Mappila Yudham 2021/</subfield>
    <subfield code="c">A K Kodoor</subfield>
  </datafield>
  <datafield tag="260" ind1=" " ind2=" ">
    <subfield code="a">Malappuram:</subfield>
    <subfield code="b">Grace Educational Association,</subfield>
    <subfield code="c">2020.</subfield>
  </datafield>
  <datafield tag="300" ind1=" " ind2=" ">
    <subfield code="a">512 pages</subfield>
  </datafield>
  <datafield tag="942" ind1=" " ind2=" ">
    <subfield code="2">ddc</subfield>
    <subfield code="c">BK</subfield>
    <subfield code="h">954.0357</subfield>
    <subfield code="i">KOD/A</subfield>
    <subfield code="k">954.0357</subfield>
    <subfield code="m">KOD/A</subfield>
  </datafield>
</record>
